000 00924nam a2200181Ia 4500
008 100920s9999 xx 000 0 und d
082 _b73499
_a200 थ 83
100 _aबेलसरे के. वि.
245 _aश्रीसमर्थ रामदास स्वामी यांचा आत्माराम अर्थ-विवरण.
260 _bश्रीसमर्थ सेवा मंडळ, सज्जनगड,सातारा.
_c1983
300 _a175
_bसाधी
365 _b5
520 _aधार्मिक.
630 _aश्रीसमर्थ रामदास स्वामी यांचा आत्माराम अर्थ-विवरण.
650 _aधार्मिक.
730 _aश्रीसमर्थ रामदास स्वामी यांचा आत्माराम अर्थ-विवरण.
942 _cBOOK
999 _c715162
_d715159